MINDFUL COUNSELLING AND PSYCHOTHERAPY (Record no. 18105)

MARC details
000 -LEADER
fixed length control field 00301nam a22001337a 4500
003 - CONTROL NUMBER IDENTIFIER
control field SGT
020 ## - INTERNATIONAL STANDARD BOOK NUMBER
International Standard Book Number 978-1-4462-1111-3
082 ## - DEWEY DECIMAL CLASSIFICATION NUMBER
Classification number 616.89
Item number M13B
100 ## - MAIN ENTRY--PERSONAL NAME
Personal name BARKER, MEG
245 ## - TITLE STATEMENT
Title MINDFUL COUNSELLING AND PSYCHOTHERAPY
260 ## - PUBLICATION, DISTRIBUTION, ETC. (IMPRINT)
Place of publication, distribution, etc LOS ANGELES
Name of publisher, distributor, etc SAGE
Year of Publication 2013
300 ## - PAGE DESCRIPTION
No. of Pages 207
942 ## - ADDED ENTRY ELEMENTS (KOHA)
Source of classification or shelving scheme Dewey Decimal Classification
Koha item type Books
Holdings
Withdrawn status Lost status Source of classification or shelving scheme Damaged status Not for loan Collection code Home library Current library Shelving location Date acquired Vendor Name Volume Information (Serial or Books or Non-Book Material) SGTU Bill Number Total Checkouts Full call number Accession No. (Barcode) Date last seen Bill Date Koha item type
    Dewey Decimal Classification   Not For Loan MEDICAL SGT Medical Library SGT Medical Library Reference Book 30/05/2019 ABC DELHI POUND 25.99 SGTU 10951   616.89 M13B FM11353 30/05/2019 12/04/2019 Books